000 00291nam a22001337a 4500
008 180215b xxu||||| |||| 00| 0 eng d
020 _a604079001
041 _aeng
080 _a615.83 KLA
100 _a8
101 _aEKZF
245 _aBasic sport science
_cKlausen,K
942 _2udc
_cBK
999 _c42666
_d42666